000 00423nam a22001577a 4500
005 20251108164021.0
008 250721s1992 xx 000 0 ara d
082 1 4 _a216,4/عيد
100 1 _aأبو عيد، عارف خليل
245 1 0 _aالوجيز في الميراث /
264 1 _aعمان :
_bدار النفائس،
_c1992.
300 _a166ص
650 1 7 _aالميراث
942 _2ddc
_cBK
999 _c1506
_d1506